000 00318nam a2200145Ia 4500
005 20251222141932.0
008 251222s9999||||xx |||||||||||||| ||spa||
020 _a84-254-0170-4
082 _a843.54/Q82/1994
100 _aQuoist, Michel
245 0 _aDAR: e
250 _a25a ed.
264 _bHerder
942 _cLIB
999 _c9061
_d9061